| 000 | 00605 a2200217 4500 | ||
|---|---|---|---|
| 001 | sjds | ||
| 003 | sjds | ||
| 005 | 20240823153442.0 | ||
| 008 | 240823b |||||||| |||| 00| 0 spa d | ||
| 020 | _a9788426348531 | ||
| 020 | _a842634853X | ||
| 040 | _csjds | ||
| 041 | _aspa | ||
| 100 | 1 | 0 | _aCabal, Ulises |
| 245 | 1 |
_aEl misterio del colegio embrujado / _cUlises Cabal ; ilustraciones, Gabriel Hernandez Walta |
|
| 260 |
_aZaragoza : _bEdelvives, _c2006. |
||
| 300 |
_a139 pages : _billustrations ; _c21 cm |
||
| 440 | _aAla delta., Serie Verde ; 12 | ||
| 700 | 1 | 0 | _aHernandez, Gabriel |
| 942 | _cBK | ||
| 999 |
_c9608 _d9608 |
||